000 00600cam a22001457a 4500
008 180718b2011 xxu||||| |||| 00| 0 eng d
082 _aAPPPA 2010-11/PRA
100 _aPrasad, Harbinder Kaur
245 _aExport promotion schemes in India; policy and challenges facing the 100% export oriented units
_cby Harbinder Kaur Prasad
260 _aNew Delhi
_bIndian Institute of Public Administration
_c2011
300 _a81p.
500 _aAn APPPA M.Phil dissertation, 2010-11 (Guide: Dr. S.K. Bhattacharya)
650 _aExports --Government policy --India
650 _aForeign trade promotion --India
999 _c502409
_d502409